Central Library OPAC University of Rajshahi

German theories of the corporative state : (Record no. 35991)

MARC details
000 -LEADER
fixed length control field 00807nam a2200253 4500
001 - CONTROL NUMBER
control field 35991
003 - CONTROL NUMBER IDENTIFIER
rucl marc code BD-RjUL
005 - DATE AND TIME OF LATEST TRANSACTION
control field 20211209052420.0
008 - FIXED-LENGTH DATA ELEMENTS--GENERAL INFORMATION
fixed length control field 140615t19711947nyu b 001 0 eng d
035 ## - SYSTEM CONTROL NUMBER
System control number (BD-RjUL)36088
040 ## - CATALOGING SOURCE
Original cataloging agency DLC
Transcribing agency DLC
Modifying agency DLC
-- BD-RjUL
Language of cataloging eng
041 ## - LANGUAGE CODE
Language code of text/sound track or separate title eng
082 00 - DEWEY DECIMAL CLASSIFICATION NUMBER
Classification number 321.94043
Author mark and year BOG 1971
100 1# - MAIN ENTRY--PERSONAL NAME
Personal name Bowen, Ralph Henry,
Dates associated with a name 1919-
9 (RLIN) 109568
245 10 - TITLE STATEMENT
Title German theories of the corporative state :
Remainder of title with special reference to the period 1870-1919 /
Statement of responsibility, etc. by Ralph H. Bowen.
260 ## - PUBLICATION, DISTRIBUTION, ETC. (IMPRINT)
Place of publication, distribution, etc. New York :
Name of publisher, distributor, etc. Russell & Russell,
Date of publication, distribution, etc. c1947 [Reprinted 1971]
300 ## - PHYSICAL DESCRIPTION
Pagination viii, 243 p. ;
Size 23 cm.
504 ## - BIBLIOGRAPHY, ETC. NOTE
Bibliography, etc Bibliography: p. 221-235.
650 #0 - SUBJECT ADDED ENTRY--TOPICAL TERM
Topical term or geographic name as entry element Corporate state.
9 (RLIN) 6465
Topical term or geographic name as entry element Trade associations.
9 (RLIN) 9235
942 ## - ADDED ENTRY ELEMENTS (KOHA)
Source of classification or shelving scheme Dewey Decimal Classification
Koha item type Books
Holdings
Lost status Source of classification or shelving scheme Damaged status Not for loan Collection code Permanent Location Current Location Shelving location Date acquired Source of acquisition Cost, normal purchase price Total Checkouts Full call number Date last seen Copy number Koha item type
  Dewey Decimal Classification   Not For Loan Non-fiction Central Library, University of Rajshahi Central Library, University of Rajshahi Reading Room 18/09/1985 Asia foundation 0.00   321.94043 BOG 1971 15/06/2014 C-1 Books